000 00544nam a2200181Ia 4500
005 20250508151137.0
008 008 250505s9999 xx 000 0 eng d
037 _aBooks to be hide in OPAC
040 _aFEDL
_beng
_cFEDL
041 _aeng
_2eng
084 _qFEDL
100 _aRogers James Frederick
_9758527
245 0 _aWhat every teacher should know about the physical condition o her pupils
260 _aWashington, USA
_bU.S. Government Printing Office
_c1945
300 _a18p.
942 _cHB
999 _c1327865
_d1327865